00265nam a2200109Ia 4500100003100000654001800031245003900049260002700088082001900115300000900134546001200143 aCowart/Robert/ Knittel/ B  aUsing windows aUsing Windows 2000 Professional bPrentice Hall of India a5.133bCOW/KNI a1506 aENGLISH